Eltűnt faluk az Alföldön

Elmentve itt :
Bibliográfiai részletek
Szerző: Moór Elemér
Dokumentumtípus: Cikk
Megjelent: 1948
Sorozat:Az Alföldi Tudományos Intézet évkönyve
Kulcsszavak:Alföld - településföldrajz
Tárgyszavak:
Online Access:http://acta.bibl.u-szeged.hu/50456
LEADER 00725nab a2200217 i 4500
001 acta50456
005 20250324124054.0
008 180705s1948 hu o 000 hun d
040 |a SZTE Egyetemi Kiadványok Repozitórium  |b hun 
041 |a hun 
041 |a fre 
100 1 |a Moór Elemér 
245 1 0 |a Eltűnt faluk az Alföldön  |h [elektronikus dokumentum] /  |c  Moór Elemér 
260 |c 1948 
300 |a 121-130 
490 0 |a Az Alföldi Tudományos Intézet évkönyve 
650 4 |a Társadalomtudományok 
650 4 |a Szociológia 
650 4 |a Társadalom- és gazdaságföldrajz 
695 |a Alföld - településföldrajz 
856 4 0 |u http://acta.bibl.u-szeged.hu/50456/1/alfoldi_tud_002_121-130.pdf  |z Dokumentum-elérés